CRC Handbook of tables for applied engineering science (Record no. 34555)

MARC details
000 -LEADER
fixed length control field 00343nam a2200133Ia 4500
082 ## - DEWEY DECIMAL CLASSIFICATION NUMBER
Classification number 62(083)
Item number BOL
245 #0 - TITLE STATEMENT
Title CRC Handbook of tables for applied engineering science
250 ## - EDITION STATEMENT
Edition statement Ed.2
260 ## - PUBLICATION, DISTRIBUTION, ETC. (IMPRINT)
Place of publication Florida
Name of publisher CRC
Year of publication 1976
700 ## - ADDED ENTRY--PERSONAL NAME
Personal name Bolz, Ray E
700 ## - ADDED ENTRY--PERSONAL NAME
Personal name Tuve, George L
942 ## - ADDED ENTRY ELEMENTS (KOHA)
Koha item type Books
Holdings
Withdrawn status Lost status Damaged status Not for loan Home library Current library Date acquired Cost, normal purchase price Full call number Accession Number Koha item type
        RRII Library RRII Library 16/12/2021 57.95 62(083) BOL 14985 Books